Game of Thrones: Beards Quiz Stats

 Plays Quiz Updated Apr 2, 2015

Score 0/16 Timer 03:00
0 Plays Today
% Correct
Eddard Stark
96.9%
Jon Snow
96.1%
Robert Baratheon
94.4%
Petyr Baelish
93.8%
Samwell Tarly
93.3%
Sandor Clegane
91.3%
Hodor? Hodor! Hodor.
90.1%
Theon Greyjoy
89%
% Correct
Khal Drogo
88.8%
Joffrey Baratheon
85.8%
Jorah Mormont
83.6%
Davos Seaworth
80.7%
Robb Stark
77.8%
Renly Baratheon
77.6%
Bronn
73.9%
Grand Maester Pycelle
73.2%

You're not logged in!

Compare scores with friends on all Sporcle quizzes.
OR
Log In

You Might Also Like...

Show Comments

Extras

Top Quizzes Today


Score Distribution

Your Account Isn't Verified!

In order to create a playlist on Sporcle, you need to verify the email address you used during registration. Go to your Sporcle Settings to finish the process.

Report this User

Report this user for behavior that violates our Community Guidelines.

Details: